000 01315 a2200157 4500
003 OSt
005 20251211155828.0
008 251211b |||||||| |||| 00| 0 eng d
020 _a9780143478560
100 _aDhillon K.
_9215597
245 _aOperation Sindoor
260 _bPenguin Random House India
_c2025
_aNew Delhi
300 _a248 pp.
520 _aAn authentic and valuable retelling of India’s thunderous mission that has substantially changed the level of security in the subcontinent. ― GEN. V.P. MALIK, PVSM, AVSM (Retd) Former Chief of the Army Staff Operation SINDOOR - Justice is Served ― Additional Directorate General of Strategic Communication, Indian Army We have at least five fighters (Pakistani) confirmed kills and one large aircraft, which could be either an ELINT aircraft or an AEW &C aircraft, which was taken at a distance of about 300 kilometres. This is actually the largest ever recorded surface-to-air kill. ― Air Chief Marshal Amar Preet Singh, PVSM, AVSM, Indian Air Force Chief The Army General Headquarters (GHQ) can move from Rawalpindi to Khyber Pakhtunkhwa or wherever they want to move, but they are all within range, so they will have to really find a deep hole. ― LT GEN. IVAN D’CUNHADirector General Army Air Defence, Indian Arm
942 _cBK
_2ddc
999 _c369215
_d369215